Murderous Maths (Record no. 132)

MARC details
000 -LEADER
fixed length control field 00908nam a22002177a 4500
001 - CONTROL NUMBER
control field 132
003 - CONTROL NUMBER IDENTIFIER
control field FISKH
005 - DATE AND TIME OF LATEST TRANSACTION
control field 20230301082922.0
008 - FIXED-LENGTH DATA ELEMENTS--GENERAL INFORMATION
fixed length control field 230228b cb ||||| |||| 00| 0 eng d
040 ## - CATALOGING SOURCE
Original cataloging agency FISKH
Language of cataloging eng
Transcribing agency FISKH
082 ## - DEWEY DECIMAL CLASSIFICATION NUMBER
Classification number 510
100 ## - MAIN ENTRY--PERSONAL NAME
Personal name Poskitt, Kjartan
245 ## - TITLE STATEMENT
Title Murderous Maths
Remainder of title The mean and vulgar bits / It's maths with the laughs added in! /
Statement of responsibility, etc. Kjartan Poskitt
260 ## - PUBLICATION, DISTRIBUTION, ETC.
Place of publication, distribution, etc. London
Name of publisher, distributor, etc. Scholastic
Date of publication, distribution, etc. 2010
300 ## - PHYSICAL DESCRIPTION
Extent 160 p.
Dimensions 20 cm.
505 ## - FORMATTED CONTENTS NOTE
Formatted contents note Q
520 ## - SUMMARY, ETC.
Summary, etc. Using a host of funny characters, this title presents the tricks, tips and shortcuts to statistics they don't teach at school. It helps readers find out how fractions can save them from the toxic mutant fish of Fastbuck, what makes Pongo McWhiffy a mathematical freak, and travel to Planet Mean to discover how averages can be absolutely revolting.
521 8# - TARGET AUDIENCE NOTE
Target audience note 910
Source Lexile
521 8# - TARGET AUDIENCE NOTE
Target audience note Q
Source Raz-Plus
942 ## - ADDED ENTRY ELEMENTS (KOHA)
Source of classification or shelving scheme Dewey Decimal Classification
Koha item type Books
Suppress in OPAC No
Holdings
Withdrawn status Lost status Source of classification or shelving scheme Damaged status Not for loan Collection Home library Current library Shelving location Date acquired Total Checkouts Full call number Barcode Date last seen Price effective from Koha item type
    Dewey Decimal Classification     Non-Fiction Footprints International School Library Network Toul Kork Campus Footprints International School Library Network Toul Kork Campus   02/28/2023   POS 510 FISTK03941 02/28/2023 02/28/2023 Books